<?xml version="1.0" encoding="UTF-8"?>
<record
    xmlns:xsi="http://www.w3.org/2001/XMLSchema-instance"
    xsi:schemaLocation="http://www.loc.gov/MARC21/slim http://www.loc.gov/standards/marcxml/schema/MARC21slim.xsd"
    xmlns="http://www.loc.gov/MARC21/slim">

  <leader>02166nab a2200277uuc4500</leader>
  <controlfield tag="001">1233368</controlfield>
  <controlfield tag="003">OSt</controlfield>
  <controlfield tag="005">20241119092336.0</controlfield>
  <controlfield tag="008">110225e20100701                    spa  </controlfield>
  <datafield tag="035" ind1=" " ind2=" ">
    <subfield code="a">1233368</subfield>
  </datafield>
  <datafield tag="035" ind1=" " ind2=" ">
    <subfield code="a">(OCoLC)820576318</subfield>
  </datafield>
  <datafield tag="040" ind1=" " ind2=" ">
    <subfield code="c">comduadb</subfield>
  </datafield>
  <datafield tag="041" ind1=" " ind2=" ">
    <subfield code="a">spa</subfield>
  </datafield>
  <datafield tag="100" ind1="1" ind2="0">
    <subfield code="a">Soler Sarradell, Juan Jose</subfield>
    <subfield code="4">aut</subfield>
    <subfield code="e">aut</subfield>
    <subfield code="9">615697</subfield>
  </datafield>
  <datafield tag="245" ind1="1" ind2="0">
    <subfield code="a">Validez de criterio y confiabilidad del "Four by One Day Physical Activity Questionnaire" en poblaci&#xF3;n adolescente espa&#xF1;ola</subfield>
  </datafield>
  <datafield tag="520" ind1="3" ind2=" ">
    <subfield code="a">En este trabajo se ha realizado un estudio de confiabilidad y validez del cuestionario "Four by One-Day Physical Activity Questionnaire" en 37 sujetos de (13,6 &#xB1; 1,13) a&#xF1;os. Para validarlo, comparamos el gasto energ&#xE9;tico medio diario en METs, derivado de las actividades moderadas o vigorosas, obtenido mediante el cuestionario, con la media de pasos diarios y con los minutos registrados en diferentes l&#xED;mites de FC, que corresponden a actividades de car&#xE1;cter moderado o vigoroso. Los valores obtenidos en test-retest oscilan entre r=0,84 y r=0,93 (p&lt;0,05), para las diferentes tipolog&#xED;as de cuestionarios. Este cuestionario est&#xE1; modesto pero significativamente correlacionado (p=0,01) con los minutos por encima del 50% de la frecuencia cardiaca de reserva (r=0,578), con los minutos por encima del 60% del &#xED;ndice cardiaco m&#xE1;ximo (r=0,596), con los minutos por encima de 140 pul/min (r=0,625) y con los pasos medios diarios (r=0,672). Los resultados obtenidos demuestran que este cuestionario puede ser una medida v&#xE1;lida y fiable para conocer los niveles de AF de la poblaci&#xF3;n adolescente espa&#xF1;ola.</subfield>
  </datafield>
  <datafield tag="650" ind1=" " ind2="0">
    <subfield code="a">Actividad f&#xED;sica</subfield>
    <subfield code="9">220891</subfield>
  </datafield>
  <datafield tag="650" ind1=" " ind2=" ">
    <subfield code="a">Educaci&#xF3;n fisica en adolescentes</subfield>
    <subfield code="9">37619</subfield>
  </datafield>
  <datafield tag="650" ind1=" " ind2=" ">
    <subfield code="a">Ejercicio fisico en adolescentes</subfield>
    <subfield code="9">163281</subfield>
  </datafield>
  <datafield tag="650" ind1=" " ind2=" ">
    <subfield code="a">Estudios de validaci&#xF3;n</subfield>
    <subfield code="9">152698</subfield>
  </datafield>
  <datafield tag="700" ind1="1" ind2="0">
    <subfield code="a">Generelo Lanaspa, Eduardo</subfield>
    <subfield code="4">aut</subfield>
    <subfield code="e">aut</subfield>
    <subfield code="9">614901</subfield>
  </datafield>
  <datafield tag="700" ind1="1" ind2="0">
    <subfield code="a">Zaragoza Casterad, Javier</subfield>
    <subfield code="4">aut</subfield>
    <subfield code="e">aut</subfield>
    <subfield code="9">613107</subfield>
  </datafield>
  <datafield tag="700" ind1="1" ind2="0">
    <subfield code="a">Juli&#xE1;n Clemente, Jos&#xE9; Antonio</subfield>
    <subfield code="4">aut</subfield>
    <subfield code="e">aut</subfield>
    <subfield code="9">616638</subfield>
  </datafield>
  <datafield tag="773" ind1="0" ind2=" ">
    <subfield code="t">Apunts : Educaci&#xF3;n F&#xED;sica y Deportes (Barcelona)</subfield>
    <subfield code="g">N&#xFA;mero 101, Julio-Septiembre 2010, p. 19-24</subfield>
    <subfield code="w">954005</subfield>
    <subfield code="x">1577-4015</subfield>
    <subfield code="0">374293</subfield>
  </datafield>
  <datafield tag="942" ind1=" " ind2=" ">
    <subfield code="c">ARIMP</subfield>
    <subfield code="2">ddc</subfield>
  </datafield>
  <datafield tag="999" ind1=" " ind2=" ">
    <subfield code="c">574859</subfield>
    <subfield code="d">574859</subfield>
  </datafield>
</record>
